CONFERENCIAS LITERARIAS /

Guardado en:
Detalles Bibliográficos
Autor corporativo: Congreso Terciario Franciscano de la Provincia de el Santo Evangelio ( México)
Otros autores: Dorantes Aguilar, Miguel (edición) (edición)
Formato: Procedimiento de la conferencia Libro
Temas:
Etiquetas: Agrega una etiqueta
Sin etiquetas, Sé el primero en etiquetar este registro!

MARC

LEADER 00000nam^a2200000^a^4500
001 000233379
005 20250521000000.0
009 20260310104642.26
035 |a 056699 
037 |a Acervo Xavier Clavigero 
082 |a 255. 38  |b CON 
111 1 |a Congreso Terciario Franciscano de la Provincia de el Santo Evangelio (  |n 1O :  |d 1943 :  |c México) 
245 1 0 |a CONFERENCIAS LITERARIAS /  |c ED. MIGUEL DORANTES AGUILAR 
264 |a MEXICO :  |b UNIDOS,  |c 1943 
300 |a 375 p. 
336 |a texto  |b txt  |2 rdacontenido 
337 |a sin mediación  |b n  |2 rdamedio 
338 |a volumen  |b nc  |2 rdasoporte 
649 |a XX 
650 |a FRANCISCANOS. TERCERA ORDEN. 
650 |a Literatura Mexicana 
700 |a Dorantes Aguilar, Miguel  |e (edición) 
910 |a Fondo General 
920 |a Impresos - Libros 
930 |a Colección General 
905 |a 101 
901 |a 056699  |b IT1  |c ACC  |i 056699  |u 20250521 
902 |a https://opac.biblio.iteso.mx/vufind/Record/000233379